Site management and productivity in tropical plantations forests.

-д хадгалсан:
Номзүйн дэлгэрэнгүй
Үндсэн зохиолч: Nambiar, E. K. Sadanandan (Зохиогч)
Формат: Ном
Хэл сонгох:англи
Хэвлэсэн: Jakarta, Indonesia CIFOR 2008
Нөхцлүүд:
Шошгууд: Шошго нэмэх
Шошго байхгүй, Энэхүү баримтыг шошголох эхний хүн болох!

MARC

LEADER 00000nam a2200000 a 4500
001 UCH0892
003 CL-VaPUC
005 20241108091719.0
008 090402e20080000io 1 eng d
999 |c 384422  |d 384420 
020 |a 9789791412582 
040 |c Pontificia Universidad Católica de Valparaíso 
082 0 4 |a 635.977 NAM 2008  |2 21 
100 |a Nambiar, E. K. Sadanandan  |e author  |9 621354 
245 1 0 |a Site management and productivity in tropical plantations forests. 
260 0 3 |a Jakarta, Indonesia  |b CIFOR  |c 2008 
300 |a 236 páginas 
518 |p Workshops in Piracicaba, 1, Brazil, 22-26 november 2004 
546 |a En Inglés 
583 |a last modification  |c 20190910 11:26:20  |k Rodrigo Vera 
650 0 7 |a SILVICULTURA  |2 CL-VaPUC  |9 264178 
650 0 0 |a Bosques  |9 269804 
650 0 0 |a Cultivo  |9 264268 
650 0 7 |a EUCALIPTO  |2 CL-VaPUC  |9 499227 
650 0 0 |a Acacia caven  |9 661834 
650 0 7 |a CONIFERAS  |2 CL-VaPUC  |9 374463 
650 0 0 |a Congresos  |9 257560 
942 |c BK  |2 ddc 
945 |a rbrito  |d 20090402 00:00:00 
952 |0 0  |1 0  |2 ddc  |4 0  |6 635_977000000000000_NAM_2008  |7 0  |8 A  |9 507125  |a BIBAGR  |b BIBAGR  |d 2020-01-23  |i 4530829  |o 635.977 NAM 2008  |p 4530829  |r 2025-01-20  |t 1  |w 2020-01-23  |y BK  |k AGR